Los diletantes / (Registro nro. 4497)

Detalles MARC
000 -LEADER
fixed length control field 00855nam a2200241Ia 4500
003 - CONTROL NUMBER IDENTIFIER
control field OSt
005 - DATE AND TIME OF LATEST TRANSACTION
control field 20250612113459.0
008 - FIXED-LENGTH DATA ELEMENTS--GENERAL INFORMATION
fixed length control field 191128s2015 sp er 000 f spa d
020 ## - INTERNATIONAL STANDARD BOOK NUMBER
International Standard Book Number 9788416075485
040 ## - CATALOGING SOURCE
Original cataloging agency CO-JMCR
Transcribing agency CO-JMCR
041 ## - LANGUAGE CODE
Language code of text/sound track or separate title spa
082 04 - DEWEY DECIMAL CLASSIFICATION NUMBER
Classification number J-N
Item number ROMd
100 1# - MAIN ENTRY--PERSONAL NAME
Personal name Romero, Antonia,
Relator term autora
9 (RLIN) 8072
245 14 - TITLE STATEMENT
Title Los diletantes /
Statement of responsibility, etc. Antonia Romero
250 ## - EDITION STATEMENT
Edition statement 1a. Edición
260 ## - PUBLICATION, DISTRIBUTION, ETC.
Place of publication, distribution, etc. Barcelona :
Name of publisher, distributor, etc. B de Blok,
Date of publication, distribution, etc. 2015
300 ## - PHYSICAL DESCRIPTION
Extent 303 páginas ;
Dimensions 22 cm.
490 0# - SERIES STATEMENT
Series statement Sin límites
500 ## - GENERAL NOTE
General note Incluye datos biográficos de la autora en la solapa
520 ## - SUMMARY, ETC.
Summary, etc. Ada tiene dieciséis años y acaba de perder a sus padres en un accidente. Desde que despertó del como tiene extrañas pesadillas que le atemorizan, y cuando alguien la toca tiene visiones de sus vidas.
650 14 - SUBJECT ADDED ENTRY--TOPICAL TERM
Topical term or geographic name entry element Novela española
9 (RLIN) 8073
942 ## - ADDED ENTRY ELEMENTS (KOHA)
Source of classification or shelving scheme Dewey Decimal Classification
Koha item type Books
Existencias
Withdrawn status Lost status Source of classification or shelving scheme Damaged status Not for loan Collection code Home library Current library Date acquired Source of acquisition Total Checkouts Total Renewals Full call number Barcode Date last seen Date last checked out Copy number Koha item type
    Dewey Decimal Classification     Fiction Biblioteca Pública José María del Castillo y Rada Biblioteca Pública José María del Castillo y Rada 11/28/2019 Donación 5 3 J-N ROMd 201809359 09/25/2024 09/24/2024 Ej.1 Books